[Event "3rd Mersin Open 2018"]
[Site "Mersin"]
[Date "2018.09.12"]
[Round "6.5"]
[White "Ersahin, Bulent"]
[Black "Khodashenas, Mersad"]
[Result "0-1"]
[WhiteElo "2191"]
[BlackElo "2452"]
[Annotator "TA"]
[PlyCount "76"]
[EventDate "2018.09.09"]
[EventType "swiss"]
[EventCountry "TUR"]
[SourceTitle "playchess.com"]
[Source "ChessBase"]
[SourceQuality "1"]

{[%evp 15,76,13,18,14,25,10,10,-10,10,-13,-18,-39,-31,-33,-28,-36,-36,-37,-30,-68,0,0,0,0,0,0,0,0,0,0,0,0,0,0,0,0,0,-62,-39,-108,-60,-135,-97,-97,-100,-120,-118,-281,-289,-321,-307,-715,-704,-698,-690,-716,-711,-785,-779,-843,-801,-29991,-833]} 1. Nf3 Nf6 2. c4 b6 3. g3 Bb7 4. Bg2 c5 5. O-O g6 6. b3 Bg7 7. Bb2 O-O 8. Nc3 d6 {LiveBook: 230 Partien} 9. Re1 {A30: Englische Eröffnung (Symmetrische Variante)} (9. d4 cxd4 10. Qxd4 Nbd7 11. Qd2 Rc8 12. Rac1 a6 13. Rfd1 Rc7 14. Nd4 Bxg2 15. Kxg2 Qa8+ 16. f3 Rd8 17. e4 e6 18. Nc2 Ne8 19. Ne3 h5 {1-0 (43) Karjakin,S (2785)-Salem,A (2656) Doha 2016}) 9... Nbd7 {[%cal Bb8d7,Bd7e5,Be5f3][%mdl 32]} 10. Qc2 a6 11. e4 $146 {Die Stellung ist ausgeglichen.} ({Vorgänger:} 11. Rad1 b5 12. e4 b4 13. Nd5 e5 14. d3 a5 15. a3 bxa3 16. Bxa3 Nb8 {½-½ (43) Torrecillas Martinez,A (2345)-Vidarte Morales,A (2350) Barcelona 1996}) 11... Ne5 12. Rad1 Nfd7 13. Ne2 Nxf3+ 14. Bxf3 Bxb2 15. Qxb2 Ne5 16. Qc3 f5 17. Bg2 Bxe4 (17... fxe4 $15 18. Nf4 Qd7) 18. f3 $11 {[%cal Bf2f3,Bf3f4][%mdl 32]} Bb7 19. d4 cxd4 20. Nxd4 Qc8 $36 {[%mdl 2048] Weiss steht unter Druck.} 21. f4 {Und weiter mit Lxb7 wäre nett.} Bxg2 22. Kxg2 Qb7+ 23. Kg1 $1 Ng4 {[%cal Be5g4,Bg4f6,Bf6e4,Be4c5][%mdl 32]} 24. Ne6 {[%csl Ge6][%cal Rc3g7]} Rf7 25. Re2 h6 26. a4 (26. h3 $11 Nf6 27. g4) 26... Nf6 $15 27. Qe1 ({Weiss braucht} 27. Qd3 $1 $15) 27... Kh7 28. Rd3 (28. g4 $1 $15) 28... Ne4 $17 29. g4 {[#]} Rf6 $1 {[%cal Rf6e6]} 30. Nd4 e5 31. gxf5 $2 (31. fxe5 $17 dxe5 32. Nf3) 31... gxf5 32. Nxf5 Nc5 ({Schwächer ist} 32... Rxf5 33. Rxe4 b5 34. cxb5 $17) 33. Rxd6 $2 (33. Rg3 Rxf5 34. fxe5 dxe5 35. b4 Nxa4 36. Qb1) 33... Rg8+ $19 34. Ng3 Rxd6 35. Rxe5 {zielt auf Te7+ ab.} Rg7 36. Qb1+ Nd3 {Droht stark ...Df3.} 37. Re3 Qd7 38. Kh1 Re7 {Precision: Weiß = 32%, Schwarz = 62%.} (38... Qc6+ $142 39. Re4 {[#]} Rxg3 $1 {[%mdl 512]} 40. hxg3 Qxe4+ 41. Kh2 Qe2+ 42. Kh1 Rg6 43. Qxd3 Qxd3 44. Kg1 Rxg3+ 45. Kh2 Qf3 46. b4 Qg2#) 0-1

[Event "3rd Mersin Open 2018"]
[Site "Mersin"]
[Date "2018.09.12"]
[Round "6.6"]
[White "Odeev, Handszar"]
[Black "Dogan, Nazmi Can"]
[Result "1-0"]
[WhiteElo "2410"]
[BlackElo "2275"]
[Annotator "TA"]
[PlyCount "49"]
[EventDate "2018.09.09"]
[EventType "swiss"]
[EventCountry "TUR"]
[SourceTitle "playchess.com"]
[Source "ChessBase"]
[SourceQuality "1"]

{[%evp 21,49,-29,-22,-44,-46,-24,35,47,67,49,33,43,198,189,193,195,226,216,316,314,330,306,766,765,1458,1458,1458,1448,1303,1028]} 1. e4 e5 2. Nf3 Nc6 3. Bc4 Nf6 4. d4 exd4 5. e5 d5 6. Bb5 Nd7 7. O-O Be7 8. Re1 O-O {C56: Two Knights: 4 d4 exd4 5 0-0 Nxe4} 9. Bxc6 bxc6 {[%cal Bb7c6,Bc6c5][%mdl 32]} 10. Nxd4 Nb8 11. Nc3 c5 {LiveBook: 3 Games} 12. Nde2 {[%cal Bd4e2,Be2f4,Bf4d5][%mdl 32]} d4 13. Ne4 {[#]} Qd5 $146 (13... Nc6 $11) ({Predecessor:} 13... Nc6 14. Bf4 Bf5 15. N2g3 Bg6 16. Qf3 {1-0 (59) Vajda,L (2584)-Sokolov,I (2646) Porto Carras 2011}) 14. Nf4 $14 Qxe5 {[#]} 15. Nf6+ $1 {[%mdl 512]} Qxf6 16. Nd5 Qd6 $2 ({Black should play} 16... Qa6 $1 $14 17. Nxe7+ Kh8) 17. Nxe7+ $18 Kh8 18. Qf3 {[%mdl 1024] aiming for Bf4. White has strong compensation.} c6 19. Bf4 Qd7 (19... Qd8 $142 20. Nxc8 (20. Nxc6 Nxc6 21. Qxc6 Be6 $16) 20... Qxc8) 20. Qh5 Na6 21. h3 Nc7 $2 {[#]} (21... Qe8 22. Re5 f6 23. Qxe8 Rxe8 24. Ng6+ hxg6 25. Rxe8+ Kh7) 22. Re5 $1 {Intending Qxh7+! and mate.White is clearly winning.} f5 23. Ng6+ Kg8 24. Nxf8 Kxf8 25. Rae1 {Precision: White = 73%, Black = 23%.} 1-0

[Event "3rd Mersin Open 2018"]
[Site "Mersin"]
[Date "2018.09.12"]
[Round "6.7"]
[White "Acar, Utku Cengiz"]
[Black "Gasimov, Parviz"]
[Result "1/2-1/2"]
[WhiteElo "2122"]
[BlackElo "2341"]
[Annotator "NA"]
[PlyCount "54"]
[EventDate "2018.09.09"]
[EventType "swiss"]
[EventCountry "TUR"]
[SourceTitle "playchess.com"]
[Source "ChessBase"]
[SourceQuality "1"]
[TimeControl "5400+30"]

1. e4 {[%emt 0:01:30]} e6 {[%emt 0:00:30]} 2. d4 {[%emt 0:00:30]} d5 {[%emt 0:00:00]} 3. Nd2 {[%emt 0:00:30]} Nf6 {[%emt 0:00:00]} 4. e5 {[%emt 0:01:30]} Nfd7 {[%emt 0:00:30]} 5. Bd3 {[%emt 0:01:30]} c5 {[%emt 0:00:30]} 6. c3 {[%emt 0:00:30]} Nc6 {[%emt 0:00:00]} 7. Ne2 {[%emt 0:01:30]} cxd4 {[%emt 0:00:00]} 8. cxd4 {[%emt 0:00:30]} f6 {[%emt 0:00:30]} 9. exf6 {[%emt 0:00:00]} Qxf6 {[%emt 0:00:30]} 10. Nf3 {[%emt 0:00:00]} h6 {[%emt 0:00:30]} 11. O-O {[%emt 0:00:30]} Bd6 {[%emt 0:00:00]} 12. Ng3 {[%emt 0:01:30]} O-O {[%emt 0:00:00]} 13. Bc2 {[%emt 0:02:30]} Rf7 {[%emt 0:01:30]} 14. Nh5 {[%emt 0:04:30]} Qd8 {[%emt 0:00:30]} 15. Re1 {[%emt 0:00:00]} Nf8 {[%emt 0:02:30]} 16. Ne5 {[%emt 0:02:00]} Nxe5 {[%emt 0:02:30]} 17. dxe5 {[%emt 0:00:30]} Bc5 {[%emt 0:00:30]} 18. Be3 {[%emt 0:00:00]} d4 {[%emt 0:01:30]} 19. Bf4 {[%emt 0:02:00]} Bd7 {[%emt 0:00:30]} 20. Qg4 {[%emt 0:00:30]} Kh8 {[%emt 0:02:30]} 21. Bd3 {[%emt 0:00:30]} Bc6 {[%emt 0:13:30]} 22. Rac1 {[%emt 0:09:30]} Bb6 {[%emt 0:07:30]} 23. Bd2 {[%emt 0:08:30]} Qd7 {[%emt 0:22:30]} 24. Bb4 {[%emt 0:07:30]} Bb5 {[%emt 0:05:30]} 25. Nf4 {[%emt 0:24:30]} Bxd3 {[%emt 0:08:30]} 26. Nxd3 {[%emt 0:00:30]} Qb5 {[%emt 0:01:30]} 27. Qe4 {[%emt 0:02:30]} Rd8 {[%emt 0:09:30]} 1/2-1/2

[Event "3rd Mersin Open 2018"]
[Site "Mersin"]
[Date "2018.09.12"]
[Round "6.8"]
[White "Yasin, Hur"]
[Black "Buyukasik, Diyap"]
[Result "0-1"]
[WhiteElo "2044"]
[BlackElo "2305"]
[Annotator "NA"]
[PlyCount "92"]
[EventDate "2018.09.09"]
[EventType "swiss"]
[EventCountry "TUR"]
[SourceTitle "playchess.com"]
[Source "ChessBase"]
[SourceQuality "1"]
[TimeControl "5400+30"]

1. e4 {[%emt 0:06:30]} c5 {[%emt 0:00:30]} 2. Nf3 {[%emt 0:00:00]} d6 {[%emt 0:00:00]} 3. d4 {[%emt 0:00:00]} cxd4 {[%emt 0:00:00]} 4. Nxd4 {[%emt 0:00:00]} Nf6 {[%emt 0:00:30]} 5. Nc3 {[%emt 0:00:00]} a6 {[%emt 0:00:00]} 6. Be3 {[%emt 0:00:30]} e5 {[%emt 0:00:00]} 7. Nf3 {[%emt 0:00:30]} Be7 {[%emt 0:00:00]} 8. a4 {[%emt 0:00:30]} O-O {[%emt 0:04:00]} 9. a5 {[%emt 0:00:30]} Nbd7 {[%emt 0:03:30]} 10. Be2 {[%emt 0:00:30]} Qc7 {[%emt 0:00:30]} 11. Nd2 {[%emt 0:00:00]} Nc5 {[%emt 0:08:30]} 12. Nc4 {[%emt 0:03:00]} Be6 {[%emt 0:07:30]} 13. Nb6 {[%emt 0:01:30]} Rae8 {[%emt 0:04:30]} 14. f3 {[%emt 0:00:30]} Ncd7 {[%emt 0:03:30]} 15. Ncd5 {[%emt 0:04:30]} Bxd5 {[%emt 0:02:30]} 16. exd5 {[%emt 0:00:30]} Nh5 {[%emt 0:02:30]} 17. g3 {[%emt 0:04:30]} f5 {[%emt 0:02:30]} 18. Nxd7 {[%emt 0:03:30]} Qxd7 {[%emt 0:00:00]} 19. f4 {[%emt 0:02:30]} Nf6 {[%emt 0:09:00]} 20. O-O {[%emt 0:01:30]} exf4 {[%emt 0:00:30]} 21. Bxf4 {[%emt 0:00:30]} Ne4 {[%emt 0:00:30]} 22. c3 {[%emt 0:06:30]} Bf6 {[%emt 0:04:30]} 23. Qd3 {[%emt 0:00:30]} Re7 {[%emt 0:08:30]} 24. Bf3 {[%emt 0:00:30]} g5 {[%emt 0:05:30]} 25. Be3 {[%emt 0:03:30]} Qe8 {[%emt 0:02:30]} 26. Bb6 {[%emt 0:03:30]} g4 {[%emt 0:08:30]} 27. Bg2 {[%emt 0:02:30]} Bg5 {[%emt 0:02:30]} 28. Rae1 {[%emt 0:11:30]} Qg6 {[%emt 0:08:10]} 29. Re2 {[%emt 0:03:30]} Rfe8 {[%emt 0:00:49]} 30. Rfe1 {[%emt 0:00:30]} h5 {[%emt 0:00:33]} 31. b4 {[%emt 0:06:30]} h4 {[%emt 0:00:56]} 32. c4 {[%emt 0:00:30]} h3 {[%emt 0:04:32]} 33. Bh1 {[%emt 0:01:30]} Bd2 {[%emt 0:01:19]} 34. Bxe4 {[%emt 0:14:58]} Bxe1 {[%emt 0:00:07]} 35. Bxf5 {[%emt 0:00:02]} Qf7 {[%emt 0:02:14]} 36. Be6 {[%emt 0:04:09]} Rxe6 {[%emt 0:00:06]} 37. dxe6 {[%emt 0:01:05]} Rxe6 {[%emt 0:00:23]} 38. b5 {[%emt 0:01:37]} Bb4 {[%emt 0:02:34]} 39. bxa6 {[%emt 0:07:34]} bxa6 {[%emt 0:00:02]} 40. Rxe6 {[%emt 0:02:52]} Qxe6 {[%emt 0:00:06]} 41. Qd5 {[%emt 0:00:19]} Qxd5 {[%emt 0:01:14]} 42. cxd5 {[%emt 0:00:04]} Kf7 {[%emt 0:00:04]} 43. Bd8 {[%emt 0:02:04]} Kg6 {[%emt 0:00:13]} 44. Kf2 {[%emt 0:00:30]} Kf5 {[%emt 0:00:02]} 45. Ke3 {[%emt 0:02:32]} Ke5 {[%emt 0:00:07]} 46. Bb6 {[%emt 0:00:48]} Bc5+ {[%emt 0:00:34]} 0-1

[Event "3rd Mersin Open 2018"]
[Site "Mersin"]
[Date "2018.09.12"]
[Round "6.9"]
[White "Olcum, Ahmet"]
[Black "Kizilkus, Akin"]
[Result "0-1"]
[WhiteElo "2302"]
[BlackElo "1980"]
[Annotator "NA"]
[PlyCount "110"]
[EventDate "2018.09.09"]
[EventType "swiss"]
[EventCountry "TUR"]
[SourceTitle "playchess.com"]
[Source "ChessBase"]
[SourceQuality "1"]
[TimeControl "5400+30"]

1. d4 {[%emt 0:01:30]} Nf6 {[%emt 0:00:30]} 2. Bf4 {[%emt 0:00:30]} d6 {[%emt 0:00:00]} 3. Nc3 {[%emt 0:02:30]} Nbd7 {[%emt 0:03:00]} 4. Nf3 {[%emt 0:01:30]} c5 {[%emt 0:00:30]} 5. d5 {[%emt 0:02:30]} g6 {[%emt 0:04:30]} 6. e4 {[%emt 0:00:30]} Bg7 {[%emt 0:00:30]} 7. a4 {[%emt 0:00:30]} O-O {[%emt 0:01:30]} 8. Be2 {[%emt 0:01:30]} a6 {[%emt 0:00:30]} 9. O-O {[%emt 0:01:30]} Rb8 {[%emt 0:09:30]} 10. Re1 {[%emt 0:09:30]} Ne8 {[%emt 0:01:30]} 11. Rb1 {[%emt 0:12:30]} Nc7 {[%emt 0:00:30]} 12. Qd2 {[%emt 0:01:30]} Re8 {[%emt 0:00:30]} 13. b4 {[%emt 0:09:30]} cxb4 {[%emt 0:12:30]} 14. Rxb4 {[%emt 0:01:30]} Nc5 {[%emt 0:00:30]} 15. Bc4 {[%emt 0:02:30]} Bg4 {[%emt 0:02:30]} 16. Nd4 {[%emt 0:02:30]} e5 {[%emt 0:08:30]} 17. dxe6 {[%emt 0:02:30]} N7xe6 {[%emt 0:01:30]} 18. Nxe6 {[%emt 0:05:30]} Bxe6 {[%emt 0:02:30]} 19. Nd5 {[%emt 0:08:30]} Kh8 {[%emt 0:10:30]} 20. Bg5 {[%emt 0:20:33]} f6 {[%emt 0:00:30]} 21. Bh4 {[%emt 0:01:48]} Rc8 {[%emt 0:01:30]} 22. h3 {[%emt 0:02:56]} Bxd5 {[%emt 0:09:30]} 23. Bxd5 {[%emt 0:03:02]} Qd7 {[%emt 0:00:30]} 24. Reb1 {[%emt 0:01:26]} Rc7 {[%emt 0:00:00]} 25. Bg3 {[%emt 0:01:14]} Rd8 {[%emt 0:02:00]} 26. a5 {[%emt 0:01:01]} Qe7 {[%emt 0:01:30]} 27. Rb6 {[%emt 0:01:19]} Rdd7 {[%emt 0:04:30]} 28. Qb4 {[%emt 0:00:23]} Qd8 {[%emt 0:02:30]} 29. Rd1 {[%emt 0:00:26]} Bf8 {[%emt 0:00:34]} 30. Qd4 {[%emt 0:01:26]} Qe7 {[%emt 0:01:04]} 31. f3 {[%emt 0:00:32]} Bg7 {[%emt 0:02:01]} 32. Qb4 {[%emt 0:00:29]} Rd8 {[%emt 0:04:14]} 33. Bf2 {[%emt 0:00:44]} Rdd7 {[%emt 0:02:01]} 34. Rb1 {[%emt 0:00:35]} f5 {[%emt 0:00:27]} 35. exf5 {[%emt 0:00:23]} gxf5 {[%emt 0:01:19]} 36. Re1 {[%emt 0:00:06]} Qf8 {[%emt 0:00:12]} 37. Qf4 {[%emt 0:00:50]} Rc8 {[%emt 0:01:47]} 38. Kh1 {[%emt 0:00:34]} Bc3 {[%emt 0:02:15]} 39. Rbb1 {[%emt 0:00:34]} Qf6 {[%emt 0:01:07]} 40. Bh4 {[%emt 0:00:28]} Qg6 {[%emt 0:00:25]} 41. Re3 {[%emt 0:00:16]} Rg7 {[%emt 0:00:31]} 42. g3 {[%emt 0:00:34]} Bd2 {[%emt 0:00:44]} 43. Rbe1 {[%emt 0:00:06]} Bxe1 {[%emt 0:00:14]} 44. Rxe1 {[%emt 0:00:11]} Re8 {[%emt 0:00:11]} 45. Qd2 {[%emt 0:00:49]} Rxe1+ {[%emt 0:02:03]} 46. Qxe1 {[%emt 0:00:00]} h6 {[%emt 0:00:57]} 47. Qc3 {[%emt 0:01:25]} Kh7 {[%emt 0:00:14]} 48. Qe3 {[%emt 0:00:45]} f4 {[%emt 0:00:26]} 49. Qxf4 {[%emt 0:00:13]} Qxc2 {[%emt 0:00:05]} 50. g4 {[%emt 0:00:29]} Qd1+ {[%emt 0:00:04]} 51. Kg2 {[%emt 0:00:14]} Qxd5 {[%emt 0:00:04]} 52. Bf6 {[%emt 0:00:10]} Rf7 {[%emt 0:00:26]} 53. h4 {[%emt 0:00:33]} Ne6 {[%emt 0:00:22]} 54. Qa4 {[%emt 0:00:18]} Rxf6 {[%emt 0:00:14]} 55. Qd7+ {[%emt 0:00:07]} Ng7 {[%emt 0:00:04]} 0-1

[Event "3rd Mersin Open 2018"]
[Site "Mersin"]
[Date "2018.09.12"]
[Round "6.10"]
[White "Kazimova, Narmin"]
[Black "Gokcek, Kursat Bugra"]
[Result "1/2-1/2"]
[WhiteElo "2264"]
[BlackElo "2092"]
[Annotator "ChessBase"]
[PlyCount "153"]
[EventDate "2018.09.09"]
[EventType "swiss"]
[EventCountry "TUR"]
[SourceTitle "playchess.com"]
[Source "ChessBase"]
[SourceQuality "1"]
[TimeControl "5400+30"]

1. Nf3 {[%emt 0:00:30]} Nf6 {[%emt 0:00:30]} 2. c4 {[%emt 0:00:30]} g6 {[%emt 0:00:30]} 3. d4 {[%emt 0:00:30]} Bg7 {[%emt 0:00:00]} 4. Nc3 {[%emt 0:00:30]} O-O {[%emt 0:00:00]} 5. g3 {[%emt 0:00:30]} d6 {[%emt 0:00:30]} 6. Bg2 {[%emt 0:00:00]} Nc6 {[%emt 0:01:30]} 7. O-O {[%emt 0:00:00]} a6 {[%emt 0:00:30]} 8. e4 {[%emt 0:02:30]} e5 {[%emt 0:02:30]} 9. d5 {[%emt 0:08:30]} Ne7 {[%emt 0:05:30]} 10. Ne1 {[%emt 0:06:30]} Nd7 {[%emt 0:01:30]} 11. Nd3 {[%emt 0:00:30]} b6 {[%emt 0:00:30]} 12. Be3 {[%emt 0:00:30]} f5 {[%emt 0:04:30]} 13. f3 {[%emt 0:00:30]} h6 {[%emt 0:01:30]} 14. b4 {[%emt 0:00:30]} f4 {[%emt 0:07:30]} 15. Bf2 {[%emt 0:00:30]} g5 {[%emt 0:00:30]} 16. c5 {[%emt 0:04:30]} Nf6 {[%emt 0:05:30]} 17. Rc1 {[%emt 0:05:30]} Bd7 {[%emt 0:03:30]} 18. Qb3 {[%emt 0:03:30]} Ng6 {[%emt 0:09:30]} 19. cxd6 {[%emt 0:02:30]} cxd6 {[%emt 0:00:30]} 20. b5 {[%emt 0:02:30]} a5 {[%emt 0:02:30]} 21. Nb2 {[%emt 0:02:30]} Ne7 {[%emt 0:02:30]} 22. Nca4 {[%emt 0:04:30]} Rb8 {[%emt 0:01:30]} 23. Rc2 {[%emt 0:06:30]} Ne8 {[%emt 0:05:30]} 24. Rfc1 {[%emt 0:01:30]} Rf7 {[%emt 0:05:30]} 25. Qd3 {[%emt 0:02:30]} h5 {[%emt 0:04:30]} 26. gxf4 {[%emt 0:01:30]} Rxf4 {[%emt 0:02:30]} 27. Be3 {[%emt 0:02:30]} Ng6 {[%emt 0:00:00]} 28. Bxf4 {[%emt 0:03:30]} exf4 {[%emt 0:00:00]} 29. Nc3 {[%emt 0:03:30]} Ne5 {[%emt 0:02:30]} 30. Qf1 {[%emt 0:04:30]} Qf6 {[%emt 0:02:30]} 31. Nc4 {[%emt 0:00:30]} Nxc4 {[%emt 0:04:30]} 32. Qxc4 {[%emt 0:01:30]} Qd4+ {[%emt 0:00:30]} 33. Qxd4 {[%emt 0:00:00]} Bxd4+ {[%emt 0:00:00]} 34. Kh1 {[%emt 0:00:00]} Be3 {[%emt 0:00:00]} 35. Re1 {[%emt 0:01:30]} Rc8 {[%emt 0:01:30]} 36. Ree2 {[%emt 0:00:30]} Bd4 {[%emt 0:03:30]} 37. Nd1 {[%emt 0:06:30]} Rxc2 {[%emt 0:03:00]} 38. Rxc2 {[%emt 0:00:30]} Bxb5 {[%emt 0:00:00]} 39. Nb2 {[%emt 0:02:30]} Nf6 {[%emt 0:10:30]} 40. Nc4 {[%emt 0:01:30]} Bxc4 {[%emt 0:00:55]} 41. Rxc4 {[%emt 0:00:30]} Bc5 {[%emt 0:00:00]} 42. Rc2 {[%emt 0:02:11]} Nd7 {[%emt 0:02:50]} 43. Bf1 {[%emt 0:01:20]} Kg7 {[%emt 0:00:56]} 44. Kg2 {[%emt 0:09:14]} Ne5 {[%emt 0:02:02]} 45. h3 {[%emt 0:01:15]} Kg6 {[%emt 0:01:52]} 46. Be2 {[%emt 0:00:17]} Kf6 {[%emt 0:00:35]} 47. Rc3 {[%emt 0:01:24]} Nf7 {[%emt 0:02:12]} 48. Bb5 {[%emt 0:00:49]} Ke7 {[%emt 0:01:40]} 49. Kf1 {[%emt 0:01:18]} Ne5 {[%emt 0:00:31]} 50. Ke2 {[%emt 0:00:55]} Kf7 {[%emt 0:01:10]} 51. Kd1 {[%emt 0:00:27]} g4 {[%emt 0:00:25]} 52. hxg4 {[%emt 0:00:58]} hxg4 {[%emt 0:00:10]} 53. fxg4 {[%emt 0:00:37]} f3 {[%emt 0:00:34]} 54. Ba6 {[%emt 0:04:11]} Kf6 {[%emt 0:00:37]} 55. Kc2 {[%emt 0:02:19]} Kg5 {[%emt 0:00:17]} 56. Kb3 {[%emt 0:00:11]} Kxg4 {[%emt 0:00:49]} 57. Ka4 {[%emt 0:00:55]} Kf4 {[%emt 0:00:13]} 58. Kb5 {[%emt 0:00:36]} Kxe4 {[%emt 0:00:37]} 59. Rc1 {[%emt 0:00:30]} Kxd5 {[%emt 0:00:55]} 60. Bb7+ {[%emt 0:00:24]} Kd4 {[%emt 0:00:11]} 61. a4 {[%emt 0:00:33]} Ke3 {[%emt 0:00:31]} 62. Rc3+ {[%emt 0:00:24]} Ke2 {[%emt 0:00:32]} 63. Rc2+ {[%emt 0:00:26]} Kd3 {[%emt 0:00:30]} 64. Rc1 {[%emt 0:00:34]} Kd2 {[%emt 0:00:29]} 65. Rb1 {[%emt 0:00:28]} Ke3 {[%emt 0:00:40]} 66. Rb3+ {[%emt 0:00:25]} Kf4 {[%emt 0:00:32]} 67. Ka6 {[%emt 0:00:18]} Kg3 {[%emt 0:00:35]} 68. Bd5 {[%emt 0:00:55]} Kf2 {[%emt 0:00:35]} 69. Rxb6 {[%emt 0:00:30]} Bxb6 {[%emt 0:00:13]} 70. Kxb6 {[%emt 0:00:04]} Ke3 {[%emt 0:00:49]} 71. Kxa5 {[%emt 0:00:12]} Kd4 {[%emt 0:00:09]} 72. Bxf3 {[%emt 0:00:44]} Nxf3 {[%emt 0:00:05]} 73. Kb5 {[%emt 0:00:54]} Ng5 {[%emt 0:01:11]} 74. a5 {[%emt 0:00:34]} Ne6 {[%emt 0:00:11]} 75. a6 {[%emt 0:00:28]} Nc7+ {[%emt 0:00:10]} 76. Kc6 {[%emt 0:00:03]} Nxa6 {[%emt 0:00:04]} 77. Kxd6 {[%emt 0:00:04]} 1/2-1/2

[Event "3rd Mersin Open 2018"]
[Site "Mersin"]
[Date "2018.09.12"]
[Round "6.11"]
[White "Hatirli, Ugur Can"]
[Black "Ozcan, Berk"]
[Result "1/2-1/2"]
[WhiteElo "1608"]
[BlackElo "1617"]
[Annotator "NA"]
[PlyCount "40"]
[EventDate "2018.09.09"]
[EventType "swiss"]
[EventCountry "TUR"]
[SourceTitle "playchess.com"]
[Source "ChessBase"]
[SourceQuality "1"]
[TimeControl "5400+30"]

1. d4 {[%emt 0:00:30]} Nf6 {[%emt 0:02:30]} 2. Nf3 {[%emt 0:00:00]} g6 {[%emt 0:00:30]} 3. g3 {[%emt 0:00:00]} Bg7 {[%emt 0:02:30]} 4. Bg2 {[%emt 0:00:30]} O-O {[%emt 0:00:30]} 5. O-O {[%emt 0:00:00]} d6 {[%emt 0:01:30]} 6. c4 {[%emt 0:01:00]} Nbd7 {[%emt 0:01:30]} 7. Nc3 {[%emt 0:00:30]} e5 {[%emt 0:00:30]} 8. dxe5 {[%emt 0:00:30]} dxe5 {[%emt 0:00:00]} 9. Bg5 {[%emt 0:00:00]} c6 {[%emt 0:00:00]} 10. Qd6 {[%emt 0:04:00]} h6 {[%emt 0:04:30]} 11. Bxf6 {[%emt 0:00:30]} Qxf6 {[%emt 0:00:30]} 12. Rad1 {[%emt 0:10:30]} Qxd6 {[%emt 0:11:30]} 13. Rxd6 {[%emt 0:00:30]} Re8 {[%emt 0:01:30]} 14. e4 {[%emt 0:02:30]} Nf8 {[%emt 0:03:30]} 15. Rfd1 {[%emt 0:05:30]} Bg4 {[%emt 0:00:30]} 16. h3 {[%emt 0:00:30]} Bxf3 {[%emt 0:00:30]} 17. Bxf3 {[%emt 0:00:30]} Ne6 {[%emt 0:00:30]} 18. Ne2 {[%emt 0:03:30]} Rad8 {[%emt 0:13:30]} 19. Rxd8 {[%emt 0:00:30]} Rxd8 {[%emt 0:00:30]} 20. Rxd8+ {[%emt 0:00:30]} Nxd8 {[%emt 0:00:00]} 1/2-1/2

[Event "3rd Mersin Open 2018"]
[Site "Mersin"]
[Date "2018.09.12"]
[Round "6.12"]
[White "Kizilkus, Tanju"]
[Black "Altug, Sertac"]
[Result "0-1"]
[WhiteElo "1594"]
[BlackElo "1633"]
[Annotator "NA"]
[PlyCount "58"]
[EventDate "2018.09.09"]
[EventType "swiss"]
[EventCountry "TUR"]
[SourceTitle "playchess.com"]
[Source "ChessBase"]
[SourceQuality "1"]
[TimeControl "5400+30"]

1. c4 {[%emt 0:00:30]} e6 {[%emt 0:01:30]} 2. g3 {[%emt 0:00:30]} d5 {[%emt 0:01:30]} 3. cxd5 {[%emt 0:00:30]} exd5 {[%emt 0:00:30]} 4. d4 {[%emt 0:00:00]} Bd6 {[%emt 0:01:30]} 5. Bg2 {[%emt 0:00:00]} Nf6 {[%emt 0:00:30]} 6. Nf3 {[%emt 0:01:30]} O-O {[%emt 0:01:30]} 7. Bg5 {[%emt 0:01:30]} h6 {[%emt 0:02:30]} 8. Bxf6 {[%emt 0:00:30]} Qxf6 {[%emt 0:00:30]} 9. Nc3 {[%emt 0:00:00]} c6 {[%emt 0:01:30]} 10. O-O {[%emt 0:00:00]} Re8 {[%emt 0:03:30]} 11. Re1 {[%emt 0:01:30]} Bf5 {[%emt 0:01:30]} 12. Qb3 {[%emt 0:01:30]} Na6 {[%emt 0:04:30]} 13. a3 {[%emt 0:05:30]} Re7 {[%emt 0:02:30]} 14. Nh4 {[%emt 0:12:30]} Bh7 {[%emt 0:05:30]} 15. e4 {[%emt 0:01:30]} Qxd4 {[%emt 0:03:30]} 16. Red1 {[%emt 0:02:30]} Nc5 {[%emt 0:03:30]} 17. Qa2 {[%emt 0:18:30]} Nd3 {[%emt 0:03:30]} 18. Rxd3 {[%emt 0:04:30]} Qxd3 {[%emt 0:01:30]} 19. Rd1 {[%emt 0:00:30]} Qc2 {[%emt 0:00:30]} 20. exd5 {[%emt 0:00:00]} Bc5 {[%emt 0:01:30]} 21. dxc6 {[%emt 0:02:00]} bxc6 {[%emt 0:02:30]} 22. Bxc6 {[%emt 0:00:30]} Qxf2+ {[%emt 0:01:30]} 23. Kh1 {[%emt 0:00:00]} Re1+ {[%emt 0:01:30]} 24. Rxe1 {[%emt 0:00:00]} Qxe1+ {[%emt 0:00:30]} 25. Kg2 {[%emt 0:00:30]} Qf2+ {[%emt 0:00:00]} 26. Kh3 {[%emt 0:00:00]} Qf1+ {[%emt 0:01:00]} 27. Bg2 {[%emt 0:00:00]} Bf5+ {[%emt 0:00:30]} 28. g4 {[%emt 0:02:30]} Qd3+ {[%emt 0:01:30]} 29. Nf3 {[%emt 0:00:30]} h5 {[%emt 0:01:30]} 0-1

[Event "3rd Mersin Open 2018"]
[Site "Mersin"]
[Date "2018.09.12"]
[Round "6.13"]
[White "Arslan, Muhammed Emin"]
[Black "Polat, Ahmet Eren"]
[Result "1/2-1/2"]
[WhiteElo "1530"]
[BlackElo "1669"]
[Annotator "NA"]
[PlyCount "43"]
[EventDate "2018.09.09"]
[EventType "swiss"]
[EventCountry "TUR"]
[SourceTitle "playchess.com"]
[Source "ChessBase"]
[SourceQuality "1"]
[TimeControl "5400+30"]

1. c4 {[%emt 0:00:30]} d6 {[%emt 0:00:30]} 2. Nc3 {[%emt 0:00:00]} e5 {[%emt 0:00:00]} 3. g3 {[%emt 0:00:00]} Nc6 {[%emt 0:00:00]} 4. Bg2 {[%emt 0:00:00]} g6 {[%emt 0:00:30]} 5. e4 {[%emt 0:00:00]} Bg7 {[%emt 0:00:00]} 6. Nge2 {[%emt 0:00:30]} Be6 {[%emt 0:00:00]} 7. d3 {[%emt 0:00:00]} Qd7 {[%emt 0:00:30]} 8. Nd5 {[%emt 0:00:00]} Nd8 {[%emt 0:00:30]} 9. O-O {[%emt 0:03:30]} c6 {[%emt 0:00:30]} 10. Ne3 {[%emt 0:00:30]} Ne7 {[%emt 0:01:30]} 11. Rb1 {[%emt 0:00:30]} O-O {[%emt 0:00:30]} 12. Bd2 {[%emt 0:01:30]} f5 {[%emt 0:09:30]} 13. f4 {[%emt 0:03:30]} Nf7 {[%emt 0:11:30]} 14. Qc2 {[%emt 0:06:30]} Rfd8 {[%emt 0:07:30]} 15. Rbd1 {[%emt 0:03:30]} Rac8 {[%emt 0:13:30]} 16. fxe5 {[%emt 0:10:30]} dxe5 {[%emt 0:07:30]} 17. Bc1 {[%emt 0:03:30]} fxe4 {[%emt 0:01:30]} 18. dxe4 {[%emt 0:00:30]} Qc7 {[%emt 0:00:30]} 19. b3 {[%emt 0:01:30]} Rxd1 {[%emt 0:01:30]} 20. Rxd1 {[%emt 0:00:30]} Rd8 {[%emt 0:00:30]} 21. Rxd8+ {[%emt 0:03:30]} Qxd8 {[%emt 0:00:30]} 22. Nd1 {[%emt 0:00:30]} 1/2-1/2